LIBRARY & INFORMATION CENTRE, KCAET, TAVANUR

ONLINE PUBLIC ACCESS CATALOGUE (OPAC)

Feather of the Dawn / (Record no. 5160)

MARC details
000 -LEADER
fixed length control field 00406cam a2200169ua 4500
041 ## - LANGUAGE CODE
Language code of text/sound track or separate title eng
082 ## - DEWEY DECIMAL CLASSIFICATION NUMBER
Classification number 821
Item number SAR/FE
100 ## - MAIN ENTRY--AUTHOR NAME
Personal name Sarojini, Naidu .
245 ## - TITLE STATEMENT
Title Feather of the Dawn /
260 ## - PUBLICATION, DISTRIBUTION, ETC. (IMPRINT)
Place of publication Mumbai :
Name of publisher Asia Publishing House ,
Year of publication 1961.
300 ## - PHYSICAL DESCRIPTION
Number of Pages 43 ; .
942 ## - ADDED ENTRY ELEMENTS (KOHA)
Koha item type Books
Holdings
Withdrawn status Lost status Damaged status Home library Current library Date acquired Cost, normal purchase price Full call number Accession Number Koha item type Public note
Withdrawn     KAUAET Central Prison Tavanur 07/04/2012 5.00 821 7607 Books Transferred to Central Prison
free website counter